000 nam a22 7a 4500
999 _c9428
_d9428
008 180129b ||||| |||| 00| 0 eng d
100 _aJones B. M
_95644
245 _aBadminton
260 _aKolkata
_c2007